[Event "World Blitz Championship"]
[Site "Moscow RUS"]
[Date "2010.11.17"]
[EventDate "2010.11.16"]
[Round "26.2"]
[Result "1/2-1/2"]
[White "Maxime Vachier-Lagrave"]
[Black "Sergey Karjakin"]
[WhiteElo "2703"]
[BlackElo "2760"]
[PlyCount "132"]

1. e4 e5 2. Nf3 Nc6 3. Bb5 Nf6 4. d3 Bc5 5. c3 O-O 6. O-O d6
7. Bg5 h6 8. Bh4 g5 9. Bg3 Nh5 10. d4 Bb6 11. Na3 Nxg3
12. hxg3 exd4 13. Bxc6 bxc6 14. Nxd4 Qf6 15. Nc4 Ba6 16. Nxb6
axb6 17. Re1 c5 18. Nf5 Bc8 19. Ne3 Be6 20. Rf1 Qg6 21. Qd3
Kh8 22. f4 gxf4 23. gxf4 f5 24. exf5 Bxf5 25. Nxf5 Rxf5
26. Rf2 Qf7 27. Qh3 Rf6 28. a3 Re8 29. f5 Qg7 30. Raf1 Qg5
31. Rf3 Rg8 32. Re1 Rg7 33. Re6 d5 34. Rxf6 Qxf6 35. Re3 Kh7
36. Re6 Qg5 37. Qf3 Qc1+ 38. Kh2 Qg5 39. f6 Rf7 40. Qd3+ Kg8
41. Qg3 Rd7 42. Qh3 Kf7 43. Re1 Rd6 44. Re7+ Kxf6 45. Re1 Qf4+
46. Kg1 Kg7 47. Re7+ Kf6 48. Re3 Kg7 49. Rg3+ Kh7 50. Rf3 Qe5
51. Rf7+ Kg6 52. Rf1 Rf6 53. Qg4+ Kf7 54. Qd7+ Kg6 55. Rd1 c6
56. Qd8 Qe6 57. Qxb6 Qe3+ 58. Kh1 Qf2 59. Qc7 d4 60. cxd4 cxd4
61. Qe5 Rf4 62. Qe6+ Kh5 63. Qe5+ Kg6 64. Qe6+ Kh7 65. Qd7+
Kg8 66. Qd8+ Kg7 1/2-1/2

[Event "World Blitz Championship"]
[Site "Moscow RUS"]
[Date "2010.11.17"]
[EventDate "2010.11.16"]
[Round "27.9"]
[Result "0-1"]
[White "Peter Svidler"]
[Black "Maxime Vachier-Lagrave"]
[WhiteElo "2722"]
[BlackElo "2703"]
[PlyCount "88"]

1. e4 c5 2. Nf3 e6 3. d4 cxd4 4. Nxd4 a6 5. Bd3 Bc5 6. Nb3 Be7
7. Qg4 g6 8. Qe2 d6 9. Be3 Nc6 10. Na3 b5 11. c4 b4 12. Nc2
Nf6 13. O-O O-O 14. Qd2 Ng4 15. Bf4 Nge5 16. Be2 a5 17. Nbd4
Bb7 18. Nb5 Na7 19. Nxa7 Rxa7 20. f3 Qc7 21. b3 Rd8 22. Rac1
Raa8 23. Nd4 Nd7 24. Kh1 Qb6 25. Be3 Nc5 26. Bd1 Rd7 27. Bc2
Rad8 28. Rcd1 Qa6 29. Bg5 f6 30. Be3 d5 31. Nxe6 dxc4 32. Nd4
c3 33. Qf2 Qb6 34. g4 Qc7 35. Rg1 Kh8 36. h4 Qe5 37. g5 fxg5
38. hxg5 Nxe4 39. fxe4 Bxe4+ 40. Nf3 Rxd1 41. Bxd1 Rd3 42. Re1
Qf5 43. Be2 Qg4 44. Rg1 Qh3+ 0-1

[Event "World Blitz Championship"]
[Site "Moscow RUS"]
[Date "2010.11.18"]
[EventDate "2010.11.16"]
[Round "30"]
[Result "1-0"]
[White "Maxime Vachier-Lagrave"]
[Black "Pavel Eljanov"]
[WhiteElo "2703"]
[BlackElo "2742"]
[PlyCount "113"]

1. e4 c6 2. d3 d5 3. Nd2 e5 4. g3 Nf6 5. Bg2 Bd6 6. Ngf3 O-O
7. O-O Bg4 8. c3 Nbd7 9. Qc2 Re8 10. Re1 a5 11. b3 Bh5 12. Bb2
Qc7 13. Rac1 a4 14. b4 b5 15. a3 Rac8 16. c4 d4 17. Nh4 Qb8
18. c5 Bf8 19. Rf1 Be2 20. Rfe1 Bg4 21. h3 Be6 22. Rf1 Nh5
23. Rce1 g6 24. Bc1 Bh6 25. Ndf3 Bb3 26. Qb2 Bg7 27. Nh2 Nf8
28. Ng4 Ne6 29. Nf3 Nd8 30. Qe2 Qc7 31. Ngh2 h6 32. Kh1 Kh7
33. Rg1 f6 34. Nh4 Bf7 35. Bf3 Rg8 36. Nxg6 Bxg6 37. Bxh5 Qf7
38. Bxg6+ Qxg6 39. Qg4 Nf7 40. Qxg6+ Kxg6 41. Nf3 Kh7 42. Nh4
Bf8 43. Nf5 Nd8 44. f4 Ne6 45. fxe5 fxe5 46. Ref1 h5 47. Nh4
Be7 48. Rf5 Bxh4 49. Rxh5+ Kg6 50. Rh6+ Kf7 51. Rxh4 Rcf8
52. Rf1+ Ke8 53. Rxf8+ Rxf8 54. Kg2 Nd8 55. Rh5 Nf7 56. Rf5
Kd7 57. Bh6 1-0

[Event "World Blitz Championship"]
[Site "Moscow RUS"]
[Date "2010.11.18"]
[EventDate "2010.11.16"]
[Round "37"]
[Result "1-0"]
[White "Boris Grachev"]
[Black "Maxime Vachier-Lagrave"]
[WhiteElo "2654"]
[BlackElo "2703"]
[PlyCount "137"]

1. d4 Nf6 2. Nf3 g6 3. Bf4 Bg7 4. e3 d6 5. h3 O-O 6. Be2 b6
7. O-O Bb7 8. Bh2 Nbd7 9. a4 a5 10. c3 Ne4 11. Nfd2 e5 12. Bf3
Nxd2 13. Nxd2 Qc8 14. Qb3 Re8 15. Rac1 h6 16. Rfd1 Re7
17. Bxb7 Qxb7 18. Nf3 Rae8 19. Bg3 Bf6 20. Qb5 Kg7 21. b4 Ra8
22. Rb1 axb4 23. Qxb4 Qc6 24. Qb5 Qxb5 25. axb5 Ra3 26. Rdc1
Re8 27. Nd2 d5 28. Nf3 e4 29. Ne1 Rea8 30. Nc2 R3a5 31. Bxc7
Rc8 32. Bd6 h5 33. Bb4 Raa8 34. Ra1 g5 35. Ra6 g4 36. Rca1
Rab8 37. Ra7 Rd8 38. Rc7 gxh3 39. Raa7 Nf8 40. Rxf7+ Kg6
41. gxh3 Ne6 42. Rxf6+ Kxf6 43. Be7+ Kg6 44. Bxd8 Rxd8 45. Rb7
Rd6 46. h4 Kf5 47. Nb4 Kg4 48. Nc6 Kxh4 49. Rxb6 Ng5 50. Kf1
Nf3 51. Ke2 Rg6 52. Kd1 Kh3 53. Rb8 h4 54. Ne7 Rd6 55. b6 Kh2
56. b7 Rb6 57. Nxd5 Rb2 58. Kc1 Rb3 59. Kc2 Rb5 60. Nf4 Kg1
61. c4 Ne1+ 62. Kc3 Rb1 63. c5 Kxf2 64. c6 Kxe3 65. Nd5+ Ke2
66. c7 h3 67. c8=Q h2 68. Qg4+ Nf3 69. Qxe4+ 1-0

[Event "European Blitz Championship"]
[Site "Warsaw POL"]
[Date "2010.12.17"]
[EventDate "2010.12.18"]
[Round "3"]
[Result "0-1"]
[White "Arturs Neiksans"]
[Black "Maxime Vachier-Lagrave"]
[WhiteElo "2503"]
[BlackElo "2703"]
[PlyCount "122"]

1. e4 c5 2. Nf3 e6 3. d4 cxd4 4. Nxd4 a6 5. Nc3 b5 6. Bd3 Bb7
7. Qe2 Bc5 8. Nb3 Bb6 9. a4 b4 10. Na2 Nc6 11. Bd2 Qe7 12. a5
Ba7 13. O-O Nf6 14. e5 Nd5 15. Be4 O-O 16. Nac1 Nxe5 17. Bxd5
exd5 18. Nd3 d6 19. Bxb4 d4 20. Rae1 Rfe8 21. f4 Nc6 22. Qxe7
Nxe7 23. Bxd6 Nf5 24. Bc5 Bxc5 25. Nbxc5 Bc6 26. Rxe8+ Bxe8
27. Re1 Bb5 28. Nb4 h5 29. Re5 g6 30. Kf2 Kg7 31. c3 dxc3
32. bxc3 Nd6 33. Re1 Nc4 34. Ra1 h4 35. Nb3 Nd6 36. Nd4 Bc4
37. Re1 Nb7 38. Nbc6 Nc5 39. Re7 Kf6 40. Rc7 Ne4+ 41. Kf3 Nxc3
42. Ne5 Bd5+ 43. Ke3 Nb5 44. Nd7+ Kg7 45. Nxb5 axb5 46. Nb6
Re8+ 47. Kf2 Be4 48. a6 Re6 49. Nd7 Rxa6 50. Ne5 Ra2+ 51. Ke3
Bd5 52. Kd4 Be6 53. g3 Rd2+ 54. Ke3 Rxh2 55. g4 Rh3+ 56. Ke4
Ba2 57. g5 Be6 58. Rb7 Rb3 59. Nc6 h3 60. Ra7 h2 61. Ra1 Rb1
0-1

[Event "European Blitz Championship"]
[Site "Warsaw POL"]
[Date "2010.12.17"]
[EventDate "2010.12.18"]
[Round "4"]
[Result "0-1"]
[White "Mikhael Mchedlishvili"]
[Black "Maxime Vachier-Lagrave"]
[WhiteElo "2637"]
[BlackElo "2703"]
[PlyCount "120"]

1. Nf3 Nf6 2. g3 g6 3. Bg2 Bg7 4. O-O O-O 5. c4 c6 6. d4 d5
7. Qb3 Qb6 8. Nc3 Rd8 9. c5 Qxb3 10. axb3 Na6 11. Bf4 Nd7
12. Bg5 Re8 13. Bd2 e5 14. e3 Nc7 15. b4 e4 16. Ne1 b5 17. Nc2
f5 18. Ra2 Nf6 19. Na1 Bd7 20. Nb3 a6 21. Na5 Rab8 22. Rfa1 g5
23. Nb3 h5 24. Ne2 Bh6 25. Rf1 Re7 26. Na5 Nh7 27. Ra3 Rf7
28. f3 exf3 29. Bxf3 Nf6 30. Nc1 Ne4 31. Be1 g4 32. Bxe4 fxe4
33. Rxf7 Kxf7 34. Ne2 Ne6 35. Nf4 Ng5 36. Bf2 Nf3+ 37. Kg2 h4
38. gxh4 Bxf4 39. exf4 Kg6 40. Nb3 Ra8 41. Na5 Rb8 42. Nb3 e3
43. Bxe3 Nxh4+ 44. Kf2 Ra8 45. Nd2 Nf5 46. Nf1 Bc8 47. Ng3 Bb7
48. Nxf5 Kxf5 49. Bd2 Rh8 50. Kg1 Re8 51. Kf2 Re4 52. Be3 Bc8
53. Ra1 Re6 54. Rg1 Rh6 55. Kg2 Ke4 56. Re1 Kd3 57. Bf2 Bf5
58. Re3+ Kc4 59. Re5 Be4+ 60. Kg1 Kxb4 0-1

[Event "European Blitz Championship"]
[Site "Warsaw POL"]
[Date "2010.12.17"]
[EventDate "2010.12.18"]
[Round "5"]
[Result "1-0"]
[White "Maxime Vachier-Lagrave"]
[Black "Mikhael Mchedlishvili"]
[WhiteElo "2703"]
[BlackElo "2637"]
[PlyCount "99"]

1. e4 c6 2. d3 d5 3. Nd2 Qc7 4. g3 Nf6 5. Bg2 Bg4 6. Ngf3 e6
7. O-O Nbd7 8. c3 Be7 9. Qc2 O-O 10. Re1 a5 11. Nf1 Bh5
12. Bf4 Qb6 13. Nh4 a4 14. exd5 cxd5 15. Nf5 Bd8 16. Nd4 Nc5
17. Nf3 a3 18. b4 Na4 19. Be5 Bg6 20. Bd4 Qc7 21. Ne5 Be7
22. Ne3 Nb2 23. Qe2 Bd6 24. Nxg6 hxg6 25. Nd1 Na4 26. Rb1 Nd7
27. Rb3 Nab6 28. Ne3 Nf6 29. c4 Be7 30. c5 Nbd7 31. Rc1 Rfc8
32. f4 Nb8 33. Be5 Qd8 34. d4 Nc6 35. b5 Nb8 36. Qd3 Qa5
37. Nc2 Nbd7 38. Rxa3 Qd8 39. Rxa8 Rxa8 40. Nb4 Ne8 41. c6
Bxb4 42. cxb7 Ra3 43. Rc8 Qa5 44. Rxe8+ Kh7 45. Qb1 Rxa2
46. Bf1 Ra1 47. Qd3 Ra3 48. Qe2 Ra2 49. Qg4 Nf6 50. Bxf6 1-0

[Event "European Blitz Championship"]
[Site "Warsaw POL"]
[Date "2010.12.17"]
[EventDate "2010.12.18"]
[Round "6"]
[Result "1-0"]
[White "Vladislav Ivanovich Tkachiev"]
[Black "Maxime Vachier-Lagrave"]
[WhiteElo "2636"]
[BlackElo "2703"]
[PlyCount "125"]

1. e4 c5 2. c3 Nf6 3. e5 Nd5 4. Nf3 Nc6 5. Bc4 Nb6 6. Bb3 d5
7. exd6 c4 8. Bc2 Qxd6 9. O-O Bg4 10. Re1 O-O-O 11. b3 Qf6
12. Na3 Nd5 13. Qe2 Bxf3 14. Qxf3 Qxf3 15. gxf3 cxb3 16. axb3
e6 17. b4 Kb8 18. Bb3 Bd6 19. Bxd5 exd5 20. Nb5 Bf4 21. d3
Bxc1 22. Raxc1 Rhe8 23. Kg2 a6 24. Rxe8 Rxe8 25. Nd6 Re6
26. Nf5 g6 27. Ng3 d4 28. cxd4 Nxb4 29. Ne4 Nxd3 30. Rb1 Nf4+
31. Kg3 Ne2+ 32. Kg2 Nxd4 33. Nc5 Rc6 34. Nxb7 Kc7 35. Na5 Rc5
36. Rd1 Rg5+ 37. Kh1 Nxf3 38. Nc4 Rh5 39. Kg2 Nh4+ 40. Kf1 Nf5
41. Ra1 Rh4 42. Ne5 f6 43. Nf3 Rf4 44. Kg2 Kb6 45. Re1 Rc4
46. Rb1+ Kc5 47. Ra1 Kb5 48. Re1 a5 49. Re8 a4 50. Nd2 Rg4+
51. Kf3 Rd4 52. Rb8+ Ka5 53. Ra8+ Kb4 54. Rb8+ Kc3 55. Ne4+
Kc2 56. Ra8 Rb4 57. Nc5 Nd4+ 58. Kg2 Rb5 59. Rxa4 Nc6 60. Rc4+
Kd1 61. Ne4 Ne5 62. Rd4+ Ke2 63. Nc3+ 1-0

[Event "European Blitz Championship"]
[Site "Warsaw POL"]
[Date "2010.12.17"]
[EventDate "2010.12.18"]
[Round "8"]
[Result "0-1"]
[White "Radoslaw Wojtaszek"]
[Black "Maxime Vachier-Lagrave"]
[WhiteElo "2726"]
[BlackElo "2703"]
[PlyCount "112"]

1. d4 Nf6 2. c4 g6 3. g3 Bg7 4. Bg2 O-O 5. Nc3 Nc6 6. Nf3 d5
7. cxd5 Nxd5 8. O-O Bf5 9. Qb3 Nb6 10. Rd1 Qd7 11. d5 Na5
12. Qb4 Nac4 13. Nd4 a5 14. Qb5 Nd6 15. Qxd7 Bxd7 16. Bg5 Rfe8
17. Rac1 a4 18. Ne4 Nxe4 19. Bxe4 Be5 20. Bf4 Bd6 21. Bf3 Rec8
22. Rc3 Ra5 23. e4 Rc5 24. e5 Rxc3 25. bxc3 Bc5 26. e6 Be8
27. exf7+ Bxf7 28. Bg4 Rd8 29. Bxc7 Rxd5 30. Rb1 Bxd4 31. cxd4
Rxd4 32. Bf3 Nd7 33. Rxb7 Bxa2 34. Ra7 Bb3 35. Bc6 Kf7 36. Bf4
Nf6 37. Be5 Rd1+ 38. Kg2 Rd2 39. h3 Rc2 40. Bxa4 Bd5+ 41. Kh2
Rxf2+ 42. Kg1 Re2 43. Bf4 Nh5 44. Bb8 Rg2+ 45. Kf1 Nxg3+
46. Ke1 Re2+ 47. Kd1 Re3 48. Bc2 Nf5 49. Bf4 Bf3+ 50. Kd2 Re2+
51. Kd3 Kf6 52. Bb3 Rg2 53. Ra6+ Kg7 54. Be5+ Kh6 55. Bf4+ Kh5
56. Ra8 Bxa8 0-1

[Event "European Blitz Championship"]
[Site "Warsaw POL"]
[Date "2010.12.17"]
[EventDate "2010.12.18"]
[Round "8"]
[Result "0-1"]
[White "Maxime Vachier-Lagrave"]
[Black "Radoslaw Wojtaszek"]
[WhiteElo "2703"]
[BlackElo "2726"]
[PlyCount "126"]

1. e4 c5 2. Nf3 d6 3. d4 cxd4 4. Nxd4 Nf6 5. Nc3 a6 6. Be3 e5
7. Nf3 Be7 8. Bc4 O-O 9. O-O Nc6 10. Re1 b5 11. Bf1 Rb8
12. Bg5 Ng4 13. Bc1 Nf6 14. b3 h6 15. h3 Re8 16. a4 b4 17. Nd5
Nxd5 18. Qxd5 Qc7 19. Bc4 Be6 20. Qd3 a5 21. Bxe6 fxe6 22. Be3
Rec8 23. Rad1 Nd8 24. Rd2 Nf7 25. Red1 Qc6 26. Nh2 Rb7 27. Nf1
Nh8 28. Ng3 Ng6 29. Qe2 Kh7 30. Qg4 Qd7 31. Re2 Rc6 32. Rdd2
Rbc7 33. Nh5 Qc8 34. Kh2 Bf8 35. Qf3 Qe8 36. Qg4 Qf7 37. f4
exf4 38. Nxf4 Nxf4 39. Bxf4 Qg6 40. Qf3 Be7 41. Rf2 Rc3
42. Qe2 Bh4 43. Rf3 e5 44. Be3 Qxe4 45. Rxd6 Rxc2 46. Qf1 R2c3
47. Bxh6 Rxf3 48. gxf3 Rc2+ 49. Bd2 Qf5 50. Kh1 e4 51. Rd4 Bf6
52. Rd6 exf3 53. Qf2 Qxh3+ 54. Kg1 Be5 55. Rd5 Qg4+ 56. Kf1
Qe4 57. Rd7 Rb2 58. Re7 Rb1+ 59. Be1 Qd3+ 60. Kg1 Qg6+ 61. Kh1
Qh5+ 62. Kg1 Qg5+ 63. Kh1 Rxe1+ 0-1

[Event "European Blitz Championship"]
[Site "Warsaw POL"]
[Date "2010.12.17"]
[EventDate "2010.12.18"]
[Round "9"]
[Result "1-0"]
[White "Maxime Vachier-Lagrave"]
[Black "Yuri Vovk"]
[WhiteElo "2703"]
[BlackElo "2539"]
[PlyCount "79"]

1. e4 c6 2. d3 d5 3. Nd2 g6 4. g3 Bg7 5. Bg2 e5 6. Ngf3 Ne7
7. O-O O-O 8. c3 h6 9. Re1 Qc7 10. d4 exd4 11. Nxd4 Nd7
12. Qe2 Nc5 13. exd5 Nxd5 14. N2b3 Ne6 15. Bxd5 cxd5 16. Be3
Ng5 17. Bxg5 hxg5 18. Rad1 Bd7 19. Qe7 Qd8 20. Re3 Bf6
21. Qxd8 Raxd8 22. Nc5 Bc8 23. Nf3 g4 24. Nd4 Rfe8 25. Rxe8+
Rxe8 26. Ncb3 b6 27. Nc2 Bg5 28. Rxd5 Bf5 29. Nbd4 Bxc2
30. Nxc2 f5 31. Kf1 Bc1 32. b3 Bb2 33. c4 Kf7 34. Rd7+ Kf6
35. Rxa7 Rd8 36. Ne3 Bd4 37. Nd5+ Kg5 38. Rb7 Rh8 39. Nf4 Rxh2
40. Ne6+ 1-0

[Event "European Blitz Championship"]
[Site "Warsaw POL"]
[Date "2010.12.17"]
[EventDate "2010.12.18"]
[Round "9"]
[Result "0-1"]
[White "Yuri Vovk"]
[Black "Maxime Vachier-Lagrave"]
[WhiteElo "2539"]
[BlackElo "2703"]
[PlyCount "80"]

1. d4 Nf6 2. c4 g6 3. Nc3 Bg7 4. e4 d6 5. Be2 O-O 6. Bg5 c5
7. Qd2 a6 8. d5 b5 9. cxb5 axb5 10. Bxb5 Ba6 11. Bxa6 Rxa6
12. Nge2 Nbd7 13. O-O Qb6 14. Rab1 Ne5 15. b3 Qb4 16. Qe3 h6
17. Bxf6 exf6 18. h3 Re8 19. f4 Nd7 20. f5 g5 21. a4 Bf8
22. Ng3 Be7 23. Nb5 Bd8 24. Rbc1 Ne5 25. Nh5 c4 26. bxc4 Rxa4
27. Kh1 Nxc4 28. Qd4 Qxb5 29. Nxf6+ Bxf6 30. Qxf6 Qb2 31. Qxh6
Qg7 32. Qh5 Ne5 33. f6 Qg6 34. Qe2 Rxe4 35. Qb5 Rf8 36. Qb6 g4
37. Qxd6 Nd3 38. Rcd1 gxh3 39. gxh3 Re2 40. Qh2 Qe4+ 0-1

[Event "European Blitz Championship"]
[Site "Warsaw POL"]
[Date "2010.12.17"]
[EventDate "2010.12.18"]
[Round "10"]
[Result "1/2-1/2"]
[White "Vassily Ivanchuk"]
[Black "Maxime Vachier-Lagrave"]
[WhiteElo "2764"]
[BlackElo "2703"]
[PlyCount "131"]

1. e4 c5 2. Nf3 d6 3. d4 cxd4 4. Nxd4 Nf6 5. Nc3 a6 6. Bc4 e6
7. Bb3 Nbd7 8. f4 Nc5 9. f5 Bd7 10. O-O Be7 11. Bg5 O-O
12. fxe6 fxe6 13. Nf5 Kh8 14. Nxe7 Qxe7 15. Qd4 Bc6 16. e5
dxe5 17. Qxe5 Rae8 18. Rae1 Ncd7 19. Qg3 Qc5+ 20. Be3 Qh5
21. Ne2 Ne4 22. Qc7 Rxf1+ 23. Kxf1 Ne5 24. Kg1 Ng4 25. Bb6 Ng5
26. Qg3 Ne4 27. Qh3 Qxh3 28. gxh3 Ngf6 29. Nd4 Bd7 30. Nf3 e5
31. Bc7 Bxh3 32. Nxe5 Be6 33. c4 Nd2 34. Ba5 Nxb3 35. axb3 Kg8
36. Bc3 Bf5 37. Rf1 Bc2 38. b4 Bb3 39. Rf4 Rd8 40. Rd4 Rxd4
41. Bxd4 Kf8 42. Kf2 Ke7 43. Ke3 Ke6 44. Kd3 Ba4 45. Kc3 Be8
46. Nd3 Bc6 47. Nc5+ Kf5 48. b5 axb5 49. cxb5 Bd5 50. Kd2 g5
51. Ke1 h5 52. h3 Ne8 53. Kf2 Nd6 54. b6 Nc4 55. Nd7 Bc6
56. Nf6 h4 57. Ng4 Ke4 58. Bf6 Kf5 59. Bd4 Nd6 60. Ne3+ Kg6
61. Be5 Ne4+ 62. Kf1 Bd7 63. Kg2 Nc5 64. Nc4 Nd3 65. Bc7 Be6
66. Ne5+ 1/2-1/2

[Event "European Blitz Championship"]
[Site "Warsaw POL"]
[Date "2010.12.17"]
[EventDate "2010.12.18"]
[Round "11"]
[Result "1-0"]
[White "Maxime Vachier-Lagrave"]
[Black "Romain Edouard"]
[WhiteElo "2703"]
[BlackElo "2636"]
[PlyCount "43"]

1. Nf3 c5 2. e4 d6 3. d4 cxd4 4. Nxd4 Nf6 5. Nc3 g6 6. Be3 Bg7
7. Be2 O-O 8. Qd2 a6 9. O-O-O b5 10. Bf3 b4 11. Nce2 Bb7
12. Qxb4 Qc8 13. e5 Nd5 14. Qb3 dxe5 15. Bxd5 Bxd5 16. Qxd5
exd4 17. Bxd4 Nc6 18. Bxg7 Kxg7 19. Nd4 Nb4 20. Qe5+ Kg8
21. a3 Nc6 22. Qe4 1-0

[Event "European Blitz Championship"]
[Site "Warsaw POL"]
[Date "2010.12.17"]
[EventDate "2010.12.18"]
[Round "12"]
[Result "1/2-1/2"]
[White "Ernesto Inarkiev"]
[Black "Maxime Vachier-Lagrave"]
[WhiteElo "2667"]
[BlackElo "2703"]
[PlyCount "88"]

1. e4 c5 2. Nf3 d6 3. Nc3 Nf6 4. d4 cxd4 5. Nxd4 e5 6. Bb5+
Bd7 7. Bxd7+ Qxd7 8. Nde2 Qc6 9. Ng3 Nbd7 10. Bg5 g6 11. Qd3
Be7 12. Bxf6 Nxf6 13. Nf1 Bd8 14. O-O-O Ba5 15. Qf3 Ke7
16. Nd5+ Nxd5 17. Rxd5 Rac8 18. Qd3 Bb6 19. f3 Qa4 20. Kb1 Rc6
21. Nd2 Rhc8 22. c3 Bc5 23. Nb3 Qa6 24. Nxc5 Rxc5 25. Qxa6
bxa6 26. Rhd1 Rxd5 27. Rxd5 f5 28. Ra5 fxe4 29. fxe4 Rc6
30. Kc2 Ke6 31. Kd3 h5 32. b3 g5 33. a4 Rb6 34. b4 g4 35. Kd2
h4 36. Kd3 Kf6 37. Rd5 Ke6 38. Ra5 Kf6 39. Kd2 g3 40. hxg3
hxg3 41. Rd5 Kg5 42. Ke3 Rc6 43. Rd3 Kg4 44. b5 axb5 1/2-1/2

[Event "European Rapid Championship"]
[Site "Warsaw POL"]
[Date "2010.12.18"]
[EventDate "2010.12.18"]
[Round "1"]
[Result "0-1"]
[White "Gabriel Bernacki"]
[Black "Maxime Vachier-Lagrave"]
[WhiteElo "1890"]
[BlackElo "2703"]
[PlyCount "66"]

1. d4 g6 2. c4 Bg7 3. Nc3 d6 4. e4 Nf6 5. Be2 O-O 6. Bg5 Nbd7
7. Qd2 e5 8. d5 a5 9. h4 Nc5 10. f3 c6 11. Nh3 Bxh3 12. Rxh3
Qb6 13. g4 h6 14. Be3 Rfc8 15. Na4 Nxa4 16. Bxb6 Nxb6 17. c5
dxc5 18. dxc6 bxc6 19. Qc3 h5 20. g5 Nfd5 21. exd5 cxd5
22. Rc1 c4 23. Qa3 Bf8 24. Qe3 d4 25. Qxe5 d3 26. a3 Re8
27. Qb5 Rxe2+ 28. Kf1 Rae8 29. Rxc4 Nxc4 30. Qxc4 Bc5 31. Qxc5
d2 32. Qd4 Re1+ 33. Kf2 d1=Q 0-1

[Event "European Rapid Championship"]
[Site "Warsaw POL"]
[Date "2010.12.18"]
[EventDate "2010.12.18"]
[Round "2"]
[Result "1-0"]
[White "Maxime Vachier-Lagrave"]
[Black "Marcin Najbar"]
[WhiteElo "2703"]
[BlackElo "2210"]
[PlyCount "103"]

1. e4 c5 2. Nf3 e6 3. d4 cxd4 4. Nxd4 a6 5. Bd3 Qc7 6. O-O Nf6
7. c4 Nc6 8. Nxc6 dxc6 9. Be3 e5 10. h3 Be7 11. Qc2 O-O 12. c5
Be6 13. Na3 Rad8 14. Nc4 Bxc4 15. Bxc4 Nh5 16. Rfd1 Nf4
17. Kh2 Qc8 18. Qb3 Rxd1 19. Rxd1 h6 20. a3 Bg5 21. Qc3 Re8
22. b4 Bf6 23. Qb3 Ne6 24. Rd6 Kf8 25. a4 Ke7 26. Bxe6 fxe6
27. b5 axb5 28. axb5 Rd8 29. bxc6 bxc6 30. Qa3 Ke8 31. Qa4
Rxd6 32. cxd6 Qd7 33. Bc5 Kf7 34. Kg1 Bd8 35. Qa6 Kf6 36. Kf1
Kf7 37. Ke2 Kf6 38. Kd1 Kf7 39. Kc2 Kf6 40. g3 Kf7 41. h4 Kf6
42. Qa8 Kf7 43. h5 Kf6 44. f4 exf4 45. gxf4 e5 46. f5 Kg5
47. Qa3 Kf6 48. Qg3 Kf7 49. Qg6+ Kf8 50. Qe6 Qf7 51. d7+ Kg8
52. Qe8+ 1-0

[Event "European Rapid Championship"]
[Site "Warsaw POL"]
[Date "2010.12.18"]
[EventDate "2010.12.18"]
[Round "4"]
[Result "1/2-1/2"]
[White "Maxime Vachier-Lagrave"]
[Black "Aleksandr Shimanov"]
[WhiteElo "2703"]
[BlackElo "2516"]
[PlyCount "93"]

1. d4 d5 2. c4 c6 3. Nf3 Nf6 4. Nc3 a6 5. e3 b5 6. c5 Nbd7
7. a3 a5 8. Be2 g6 9. O-O Bg7 10. Bd2 O-O 11. b4 axb4 12. axb4
Rxa1 13. Qxa1 Qc7 14. Qa5 Qxa5 15. bxa5 Nb8 16. Ne5 Ne4
17. Nxe4 Bxe5 18. Nc3 Bc7 19. Ra1 Na6 20. f3 e5 21. Kf2 f5
22. g3 Re8 23. Bf1 e4 24. f4 Kf7 25. Be2 h5 26. h3 Rh8 27. Kg2
Be6 28. Na2 Bc8 29. Rg1 Bd8 30. Bd1 Bc7 31. Bb3 Bd8 32. Rb1
Bc7 33. Ra1 Bd8 34. Bd1 Bc7 35. Be2 Ke6 36. Nb4 Nxb4 37. Bxb4
Ba6 38. Rg1 Bd8 39. g4 h4 40. Kf1 Kf7 41. Ke1 Bf6 42. Kd1 Be7
43. Kc2 Bf6 44. Kb3 Be7 45. Be1 Bf6 46. Kb4 Be7 47. Rg2
1/2-1/2

[Event "European Rapid Championship"]
[Site "Warsaw POL"]
[Date "2010.12.18"]
[EventDate "2010.12.18"]
[Round "6"]
[Result "1-0"]
[White "Maxime Vachier-Lagrave"]
[Black "Piotr Nguyen"]
[WhiteElo "2703"]
[BlackElo "2394"]
[PlyCount "49"]

1. e4 e6 2. d4 d5 3. Nd2 c5 4. Ngf3 cxd4 5. Nxd4 Nc6 6. Bb5
Bd7 7. Nxc6 Bxc6 8. Bxc6+ bxc6 9. c4 Nf6 10. Qa4 Qd7 11. e5
Ng4 12. Nf3 f6 13. exf6 gxf6 14. cxd5 exd5 15. O-O Bd6
16. Re1+ Kf7 17. Bf4 Bc5 18. Bg3 Bb6 19. Qf4 Kg7 20. h3 Nh6
21. Bh4 Rhf8 22. Bxf6+ Rxf6 23. Qg5+ Rg6 24. Re7+ Kf8 25. Rxd7
1-0

[Event "European Rapid Championship"]
[Site "Warsaw POL"]
[Date "2010.12.18"]
[EventDate "2010.12.18"]
[Round "8"]
[Result "1-0"]
[White "Maxime Vachier-Lagrave"]
[Black "Robert Kula"]
[WhiteElo "2703"]
[BlackElo "2351"]
[PlyCount "101"]

1. e4 e5 2. Nf3 Nc6 3. Bb5 Nd4 4. Nxd4 exd4 5. O-O Bc5 6. Bc4
d6 7. d3 Nf6 8. Bg5 h6 9. Bh4 g5 10. Bg3 Qe7 11. e5 dxe5
12. Bxe5 O-O 13. Re1 Ng4 14. Bg3 Qf6 15. Nd2 Ne3 16. fxe3 dxe3
17. Ne4 e2+ 18. Kh1 exd1=Q 19. Nxf6+ Kg7 20. Raxd1 Kxf6
21. Bxc7 Bg4 22. Rf1+ Kg6 23. Rde1 f6 24. d4 Bb4 25. c3 Rac8
26. Bd3+ Kg7 27. Bg3 Ba5 28. Re7+ Rf7 29. Rfe1 h5 30. Bd6 Bd8
31. Rxf7+ Kxf7 32. Be4 Bc7 33. Ba3 b5 34. Bd5+ Kg6 35. Re7 Bb6
36. h3 Bf5 37. Bf7+ Kh6 38. Re8 Rxe8 39. Bxe8 g4 40. hxg4 hxg4
41. Bxb5 Be4 42. Bd6 Kg5 43. Kh2 f5 44. g3 Bd5 45. c4 Be4
46. c5 Ba5 47. c6 Bb6 48. c7 Bb7 49. Be5 Bc8 50. d5 a6 51. Bc6
1-0

[Event "European Rapid Championship"]
[Site "Warsaw POL"]
[Date "2010.12.19"]
[EventDate "2010.12.18"]
[Round "9"]
[Result "1/2-1/2"]
[White "Pavel Shkapenko"]
[Black "Maxime Vachier-Lagrave"]
[WhiteElo "2419"]
[BlackElo "2703"]
[PlyCount "119"]

1. e4 c5 2. Nf3 d6 3. d4 cxd4 4. Qxd4 Nf6 5. Nc3 Bd7 6. Bg5
Nc6 7. Qd2 e6 8. Bc4 a6 9. Bb3 Be7 10. O-O-O Qc7 11. Rhe1 h6
12. Bxf6 Bxf6 13. Qxd6 Qxd6 14. Rxd6 Ke7 15. e5 Bg5+ 16. Kb1
Rhc8 17. g3 Nxe5 18. Nxe5 Kxd6 19. f4 Be8 20. fxg5 hxg5
21. Nf3 g4 22. Ne5 Rd8 23. Nxg4 Kc7 24. Kc1 Rd4 25. Ne5 Rad8
26. Nf3 R4d7 27. Ne4 Re7 28. c3 Bc6 29. Nd4 Bd5 30. Ng5 Bxb3
31. axb3 Rd5 32. h4 Kd7 33. b4 Ke8 34. Kc2 Kf8 35. Rd1 Red7
36. Rd2 e5 37. Nb3 Rxd2+ 38. Nxd2 Ke7 39. Nge4 Rc7 40. g4 f6
41. Nf1 b6 42. Ne3 Ke6 43. h5 Rd7 44. b3 g6 45. hxg6 Rg7
46. Kd3 Rxg6 47. c4 Rg8 48. Nc3 Rd8+ 49. Ncd5 b5 50. Ke4 bxc4
51. bxc4 Rc8 52. Nb6 Rd8 53. Nbd5 Rc8 54. c5 a5 55. Nb6 Rc6
56. bxa5 Rxc5 57. Nec4 Rc7 58. Kd3 Ra7 59. Ke4 Rg7 60. Kf3
1/2-1/2

[Event "European Rapid Championship"]
[Site "Warsaw POL"]
[Date "2010.12.19"]
[EventDate "2010.12.18"]
[Round "11"]
[Result "1-0"]
[White "Andrey Zhigalko"]
[Black "Maxime Vachier-Lagrave"]
[WhiteElo "2570"]
[BlackElo "2703"]
[PlyCount "119"]

1. c4 g6 2. e4 Bg7 3. d4 d6 4. Nc3 Nf6 5. h3 O-O 6. Nf3 e5
7. d5 Nh5 8. Nh2 Qe8 9. Be2 Nf4 10. Bf3 f5 11. g3 Nxh3 12. Bg2
Qf7 13. Qf3 fxe4 14. Nxe4 Na6 15. Qxf7+ Rxf7 16. Nf1 Nb4
17. Bxh3 Bxh3 18. Rxh3 Nc2+ 19. Kd1 Nxa1 20. Bd2 b5 21. cxb5
Rb8 22. Kc1 Rxb5 23. Ne3 c6 24. dxc6 d5 25. Nc3 Rc5 26. Nxd5
Rxf2 27. Be3 Rc2+ 28. Kb1 Rc4 29. c7 Bf8 30. Kxa1 Bd6 31. Kb1
Rg2 32. Rh4 Rc6 33. Ra4 Rxg3 34. Ra6 Rxc7 35. Nxc7 Bxc7
36. Rxa7 Rxe3 37. Rxc7 h5 38. Nd5 Rf3 39. a4 h4 40. Ne7+ Kf7
41. Nf5+ Ke6 42. Nxh4 Rf4 43. Nxg6 Rxa4 44. Kc2 Rg4 45. Rc6+
Kd5 46. Ne7+ Kd4 47. b4 Rf4 48. b5 Rf7 49. Rc7 Rf6 50. Kb3 e4
51. Rc4+ Kd3 52. Nd5 Rd6 53. Nb4+ Ke3 54. Rc6 Rd8 55. b6 Kf2
56. Rf6+ Kg2 57. Nc6 Rd7 58. Re6 e3 59. Kc4 Kf2 60. Nd4 1-0